| 000 | 00529 a2200133 4500 | ||
|---|---|---|---|
| 082 | _aBIT-4 | ||
| 100 |
_aMaria Tassawar _992677 |
||
| 245 |
_aCash recognition using digital image processing (Topup Machine) _cMaria Tassawar |
||
| 260 |
_aIslamabad: _b NUST School of Electrical Engineering & Computer Science, _c2006. |
||
| 300 |
_a x, 103 p. : _bill. ; _c27 cm. + _eCD-ROM |
||
| 500 | _aSupervisors : Mr. Tashfeen Khan. Mr. Saad Liaquat. | ||
| 856 | _uhttp://10.250.8.41:8080/xmlui/handle/123456789/13074 | ||
| 942 |
_cPR _kBIT-4 MAR _2ddc |
||
| 999 |
_c9116 _d9116 |
||